Państwa Graniczące z Tanzanią - Statystyki

Ogólne statystyki
  • Ten quiz został rozwiązany 14 853 razy
  • Średni wynik to 7 z 8
Odpowiedzi na mapie
Odpowiedzi zakodowano w zielono-czerwonej skali na mapie do tego quizu, zgodnie z poniższymi procentami.
 
Statystyki odpowiedzi
Długość Państwo % Poprawnych
459 km Demokratyczna Republika Konga
96%
769 km Kenia
94%
396 km Uganda
89%
756 km Mozambik
88%
338 km Zambia
87%
217 km Rwanda
85%
475 km Malawi
78%
451 km Burundi
76%
Nie znaleziono quizów pasujących do podanych kryteriów
Rozkład punktacji
Procent ludzi z każdym wynikiem
Percentyl według liczby udzielonych odpowiedzi
Twoja historia wyników
Nie rozwiązałeś tego quizu